书目信息 |
| 题名: |
国家与革命
|
|
| 作者: | ||
| 分册: | ||
| 出版信息: | 北京 人民出版社 1992.10 |
|
| 页数: | 148页 | |
| 开本: | 19cm | |
| 丛书名: | ||
| 单 册: | ||
| 中图分类: | A225 | |
| 科图分类: | ||
| 主题词: | 列字著作--单行本 | |
| 电子资源: | ||
| ISBN: | 978-7-01-001281-0 | |
| 000 | 00504nam0 2200193 450 | |
| 001 | 010000471661 | |
| 005 | 20110711231604.0 | |
| 010 | @a978-7-01-001281-0@dCNY3.00 | |
| 100 | @a19980827d1997 mk y0chiy0121 eb | |
| 101 | 0 | @achi |
| 105 | @ay 000yy | |
| 106 | @ar | |
| 200 | 10 | @a国家与革命@9Guo Jia;Jie Yu Ge;Ji Ming |
| 210 | @a北京@c人民出版社@d1992.10 | |
| 215 | @a148页@d19cm | |
| 606 | 0 | @a列字著作@x单行本 |
| 690 | @aA225@v3 | |
| 801 | 0 | @aCN@bAzMarc@c20130904 |
| 905 | @aBZT@dA225@e2@f10@sA225/2 | |
| 国家与革命.-北京:人民出版社,1992.10 |
| 148页;19cm |
| ISBN 978-7-01-001281-0:CNY3.00 |
| ● |
| 相关链接 |
|
|
|
正题名:国家与革命
索取号:A225/2
 
预约/预借
| 序号 | 登录号 | 条形码 | 馆藏地/架位号 | 状态 | 备注 |
| 1 | 2000110419 | 2000110419 | 旧书回溯/ [索取号:A225/2] | 在馆 | |
| 2 | 2000110420 | 2000110420 | 旧书回溯/ [索取号:A225/2] | 在馆 | |
| 3 | 2000110421 | 2000110421 | 旧书回溯/ [索取号:A225/2] | 在馆 | |
| 4 | 2000110422 | 2000110422 | 旧书回溯/ [索取号:A225/2] | 在馆 | |
| 5 | 2000110458 | 2000110458 | 旧书回溯/ [索取号:A225/2] | 在馆 | |
| 6 | 2000110459 | 2000110459 | 旧书回溯/ [索取号:A225/2] | 在馆 | |
| 7 | 2000110460 | 2000110460 | 旧书回溯/ [索取号:A225/2] | 在馆 | |
| 8 | 2000110461 | 2000110461 | 旧书回溯/ [索取号:A225/2] | 在馆 | |
| 9 | 2000110462 | 2000110462 | 旧书回溯/ [索取号:A225/2] | 在馆 | |
| 10 | 2000110463 | 2000110463 | 旧书回溯/ [索取号:A225/2] | 在馆 |